Historical conformation of prophetic periods

The time prophecies of 1260, 1290, and 1335 days are important for the interpretation of Daniel and Revelation. Historical Confirmation of Prophetic Periods provides the historical background for the beginning and ending dates of these prophecies and validates their historical accuracy.

I tiakina i:
Ngā taipitopito rārangi puna kōrero
Kaituhi matua: Schaidinger, Heinz (autor)
Hōputu: Pukapuka
Reo:Ingarihi
I whakaputaina: Silver Spring, MD. Biblical Research Institute 2010
Ngā marau:
Tags: Tāpirihia he Tūtohu
No Tags, Be the first to tag this record!

MARC

LEADER 00000nam a22000005i 4500
003 CL-ChUAC
005 20260217122354.0
007 ta
008 160608s2010 xxu||||| |||| 000 ||eng
040 |a CL-ChUAC  |c CL-ChUAC 
100 1 |a Schaidinger, Heinz  |e autor 
245 1 0 |a Historical conformation of prophetic periods   |c Heinz Schaidinger 
260 |a Silver Spring, MD.  |b Biblical Research Institute  |c 2010 
300 |a 34 páginas   |c 22 cm 
504 |a índice, sumario 
520 3 |a The time prophecies of 1260, 1290, and 1335 days are important for the interpretation of Daniel and Revelation. Historical Confirmation of Prophetic Periods provides the historical background for the beginning and ending dates of these prophecies and validates their historical accuracy.  
630 4 |a BIBLIA  |x PROFECIAS  |x IGLESIA ADVENTISTA DEL SEPTIMO DIA  
942 |2 ddc  |c SBOL 
952 |0 0  |1 0  |2 ddc  |4 0  |6 BOL___Nº_1285_000000000000000  |7 0  |9 1152712  |a UNACH  |b UNACH  |d 2016-06-08  |l 0  |o Bol. Nº 1285  |p 90547  |r 2016-06-08 00:00:00  |t 1  |w 2016-06-08  |y SBOL 
952 |0 0  |1 0  |2 ddc  |4 0  |6 BOL___Nº_1285_000000000000000  |7 0  |9 1152713  |a UNACH  |b UNACH  |d 2016-06-08  |l 0  |o Bol. Nº 1285  |p 90548  |r 2016-06-08 00:00:00  |t 2  |w 2016-06-08  |y SBOL 
952 |0 0  |1 0  |2 ddc  |4 0  |6 BOL___Nº_1285_000000000000000  |7 0  |9 1159883  |a UNACH  |b UNACH  |d 2018-04-12  |l 5  |o Bol. Nº 1285  |p 97575  |r 2018-06-18 00:00:00  |s 2018-06-18  |t 3  |w 2018-04-12  |y SBOL 
999 |c 2199996  |d 2199996